000 00413nam a2200145 i 4500
001 90909
003 ES-MaACL
007 t|
008 050126s1914 fr ||||1| fre d
100 1 _aLemaitre, Jules.
_971458
245 1 3 _aLa vieillese d'Hélène
_b: nouveaux contes en marge /
_cJules Lemaitre.
260 _aParis :
_b[s.n.,
_c1914] (
_fL. Pochy)
300 _a283 p. ;
_c19 cm.
852 _aES-MaACL
_jG-15834
999 _c90909
_d90909